Calculus (Record no. 217032)

MARC details
000 -LEADER
fixed length control field 00443nam a22001697a 4500
008 - FIXED-LENGTH DATA ELEMENTS--GENERAL INFORMATION
fixed length control field 260421b |||||||| |||| 00| 0 eng d
020 ## - INTERNATIONAL STANDARD BOOK NUMBER
International Standard Book Number 9788120353602
050 ## - LIBRARY OF CONGRESS CALL NUMBER
Classification number QA 303 .K43 2017
Item number C.1
100 ## - MAIN ENTRY--PERSONAL NAME
Personal name Khattar, Dinesh
245 ## - TITLE STATEMENT
Title Calculus
260 ## - PUBLICATION, DISTRIBUTION, ETC.
Place of publication, distribution, etc. New Delhi
Name of publisher, distributor, etc. PHI Learning Private Limited
Date of publication, distribution, etc. 2017
300 ## - PHYSICAL DESCRIPTION
Extent ix, 390p.:ill.
650 ## - SUBJECT ADDED ENTRY
Topical term or geographic name entry element 1. Calculus.
700 ## - ADDED ENTRY--PERSONAL NAME
Personal name I. Gupta, Kavita
942 ## - ADDED ENTRY ELEMENTS (KOHA)
Source of classification or shelving scheme Library of Congress Classification
Koha item type Long Loan Book
Holdings
Withdrawn status Lost status Source of classification or shelving scheme Damaged status Not for loan Collection Home library Current library Date acquired Inventory number Total checkouts Full call number Barcode Date last seen Copy number Price effective from Koha item type
    Library of Congress Classification     Science & Technology Kisii University Library Kisii University Library 04/21/2026 113196   QA 303 .K43 2017 A001948 04/21/2026 C.1 04/21/2026 Long Loan Book
    Library of Congress Classification     Science & Technology Kisii University Library Kisii University Library 04/21/2026 113197   QA 303 .K43 2017 A001946 04/21/2026 C.2 04/21/2026 Long Loan Book
    Library of Congress Classification     Science & Technology Kisii University Library Kisii University Library 04/21/2026 113198   QA 303 .K43 2017 A001945 04/21/2026 C.3 04/21/2026 Long Loan Book
    Library of Congress Classification     Science & Technology Kisii University Library Kisii University Library 04/21/2026 113199   QA 303 .K43 2017 A001944 04/21/2026 C.4 04/21/2026 Long Loan Book